Letters to the President : on the foreign and domestic policy of the Union, and its effects, as exhibited in the condition of the people and the state /

Bibliographic Details
Main Author: Carey, Henry Charles, 1793-1879
Format: Book
Language:English
Published: Philadelphia : J. B. Lippincott & Co.; [etc., etc.], 1858.
Subjects:

MARC

Tag First Indicator Second Indicator Subfields
LEADER 00000cam a2200000 4500
001 in00000064316
005 20151008051759.0
008 781212s1858 pau 00010 eng
010 |a  05029598  
035 |a (OCoLC)04447143 
035 |9 AAG9944AM 
040 |a DLC  |c AFU  |d TXA  |d UtOrBLW 
049 |a TXAM  |c [185117] 
050 0 0 |a HF1754  |b .C326 1858a 
090 |a HF1754  |b .C326 1858 
092 |a 337  |b C274 
100 1 |a Carey, Henry Charles,  |d 1793-1879. 
245 1 0 |a Letters to the President :  |b on the foreign and domestic policy of the Union, and its effects, as exhibited in the condition of the people and the state /  |c By H. C. Carey. 
264 1 |a Philadelphia :  |b J. B. Lippincott & Co.; [etc., etc.],  |c 1858. 
300 |a iv, 3-171 pages ;  |c 23 cm. 
336 |a text  |b txt  |2 rdacontent 
337 |a unmediated  |b n  |2 rdamedia 
338 |a volume  |b nc  |2 rdacarrier 
500 |a Dated: Dec. 21, 1857-Mar. 17, 1858. 
650 0 |a Tariff  |z United States. 
650 0 |a Currency question  |z United States. 
650 0 |a Protectionism. 
651 0 |a United States  |x Economic policy. 
999 |a MARS 
999 f f |s 62a5a678-2c3e-30bb-94e4-0065a22c1064  |i f2fdc1c1-5848-3410-a87f-0c986d10022f  |t 0 
952 f f |p ric  |a Texas A&M University  |b Rellis Campus  |c Joint Library Facility  |d Remote Storage  |t 0  |e HF1754 .C326 1858  |h Library of Congress classification  |i unmediated -- volume  |m A14800752581 
998 f f |a HF1754 .C326 1858  |t 0  |l Remote Storage